| 000 | 00772pam a2200277 a 4500 | ||
|---|---|---|---|
| 001 | 9829 | ||
| 003 | BD-RjUL | ||
| 005 | 20211208234838.0 | ||
| 008 | 220114s1987 nyu 001 0 eng c | ||
| 020 | _a0070596611 : | ||
| 035 | _a(BD-RjUL)9874 | ||
| 040 |
_aDNLM/DLC _cDLC _dDLC _dBD-RjUL _beng |
||
| 041 | _aeng | ||
| 060 | _aQD 31.2 S689i | ||
| 082 | 0 | 0 |
_a540 _219 _bSOI |
| 100 | 1 |
_aSolomon, Sally. _930378 |
|
| 245 | 1 | 0 |
_aIntroduction to general, organic, and biological chemistry / _cSally Solomon. |
| 260 |
_aNew York : _bMcGraw-Hill, _cc1987. |
||
| 300 |
_axiv, 845, [66] p. ; _c28 cm. |
||
| 500 | _aIncludes index. | ||
| 650 | 0 |
_aChemistry. _930379 |
|
| 650 | 2 |
_aChemistry. _930380 |
|
| 942 |
_2ddc _cBK |
||
| 999 |
_c9829 _d9829 |
||